| 000 | 04889ncm0a2200493 4500 | ||
|---|---|---|---|
| 001 | RU\NLR\ONIZ\224816 | ||
| 005 | 20250626151327.0 | ||
| 035 | _aRU\NLR\ONIZ\GALA\5000034042\20190115135700 | ||
| 035 | _a(NLR Aleph) 011915570 | ||
| 071 | 2 | 0 | _aс 3570 к |
| 090 |
_a10961191 _c10961191 |
||
| 100 | _a20190115d2004 |||y0rusy50 ca | ||
| 101 | 0 | _arus | |
| 102 | _aRU | ||
| 125 | _aax | ||
| 200 | 1 |
_aИзбранные пьесы _bНоты _eдля скрипки и фортепиано _dSelected pieces _efor violin and piano _fС. Рахманинов _gред.-сост. С. Гринберг _zeng |
|
| 208 | _aКлавир и партия | ||
| 210 |
_aСанкт-Петербург _cКомпозитор - Санкт-Петербург _dcop. 2004 |
||
| 215 |
_a59 с., парт. (20 с.) _d29 см |
||
| 225 | 1 | _aЗолотой репертуар скрипача | |
| 225 | 1 | _aТранскрипции знаменитых скрипачей | |
| 327 | 1 |
_a1. Романс "Апрель" / транскрипция К. Мостраса ; _a2. Вокализ : op. 34, № 14 / транскрипция М. Пресса ; _a3. Прелюдия [D-dur] : op. 23, № 4 / транскрипция М. Эрденко ; _a4. Маргаритки : op. 38, № 3 / транскрипция Ф. Крейслера ; _a5. Серенада : op. 3, № 5 / транскрипция М. Пресса ; _a6. Прелюдия [G-dur] : op. 32, № 5 / транскрипция М. Эрденко ; _a7. Романс : op. 6, № 1 / транскрипция М. Эрденко ; _a8. Пляска цыганок : из оперы "Алеко" / транскрипция С. Душкина |
|
| 464 | 0 |
_12001#$aРоманс "Апрель"$fтранскрипция К. Мостраса _1215##$aС.3-6 _1702#1$9z01790$aМострас$bК. Г.$gКонстантин Георгиевич$f1886-1965$4030$7ca _1790#1$9z01702$aMostras$bK. G.$gKonstantin Georgievič$f1886-1965$4030$7ba _tРоманс "Апрель" |
|
| 464 | 0 |
_12001#$aВокализ$eop. 34, № 14$fтранскрипция М. Пресса _1215##$aС.7-10 _1702#1$9z01790$aПресс$bМ. И.$gМихаил Исаакович$f1871-1938$4030$7ca _1790#1$9z01702$aPress$bM. I.$gMichail Isaakovič$f1871-1938$4030$7ba _tВокализ |
|
| 464 | 0 |
_12001#$aПрелюдия [D-dur]$eop. 23, № 4$fтранскрипция М. Эрденко _1215##$aС.11-15 _1702#1$9z01790$aЭрденко$bМ. Г.$gМихаил Гаврилович$f1880-1940$4030$7ca _1790#1$9z01702$aÊrdenko$bM. G.$gMichail Gavrilovič$f1885-1940$4030$7ba _tПрелюдия [D-dur] |
|
| 464 | 0 |
_12001#$aМаргаритки$eop. 38, № 3$fтранскрипция Ф. Крейслера _1215##$aС.16-21 _1702#1$9z01790$aКрейслер$bФ.$gФриц$f1875-1962$4030$7ca _1790#1$9z01702$aKreisler$bF.$gFritz$f1875-1962$4030$7ba _tМаргаритки |
|
| 464 | 0 |
_12001#$aСеренада$eop. 3, № 5$fтранскрипция М. Пресса _1215##$aС.22-30 _1702#1$9z01790$aПресс$bМ. И.$gМихаил Исаакович$f1871-1938$4030$7ca _1790#1$9z01702$aPress$bM. I.$gMichail Isaakovič$f1871-1938$4030$7ba _tСеренада |
|
| 464 | 0 |
_12001#$aПрелюдия [G-dur]$eop. 32, № 5$fтранскрипция М. Эрденко _1215##$aС.31-36 _1702#1$9z01790$aЭрденко$bМ. Г.$gМихаил Гаврилович$f1880-1940$4030$7ca _1790#1$9z01702$aÊrdenko$bM. G.$gMichail Gavrilovič$f1885-1940$4030$7ba _tПрелюдия [G-dur] |
|
| 464 | 0 |
_12001#$aРоманс$eop. 6, № 1$fтранскрипция М. Эрденко _1215##$aС.37-46 _1702#1$9z01790$aЭрденко$bМ. Г.$gМихаил Гаврилович$f1880-1940$4030$7ca _1790#1$9z01702$aÊrdenko$bM. G.$gMichail Gavrilovič$f1885-1940$4030$7ba _tРоманс |
|
| 464 | 0 |
_12001#$aПляска цыганок$eиз оперы "Алеко"$fтранскрипция С. Душкина _1215##$aС.47-59 _150000$aАлеко$bНоты$lОпера _1702#1$9z01790$aДушкин$bС.$gСамуэль$f1891-1976$4030$7ca _1790#1$9z01702$aDuškin$bS.$gSamuel$f1891-1976$4030$7ba _tПляска цыганок |
|
| 606 | 1 |
_aПереложения для скрипки и фортепиано _yРоссия _z19-21 век _2nlr_sh |
|
| 686 |
_aЩ955.4-42-09-058я44(28) _vLBC/SL _2rubbk |
||
| 700 | 1 |
_9z01790 _aРахманинов _bС. В. _f1873-1943 _gСергей Васильевич _4230 _7ca |
|
| 702 | 1 |
_9z02790 _aГринберг _bС. Л. _cред.-сост. _f1947- _gСергей Львович _4340 _4220 _7ca |
|
| 790 | 1 |
_9z01700 _aRakhmaninov _bS. V. _f1873 - 1943 _gSergey Vasilyevich _4230 |
|
| 790 | 1 |
_9z02702 _aGrinberg _bS. _gSergej _4340 _4220 _7ba |
|
| 801 | 0 |
_aRU _bNLR _c20190115 _gPSBO |
|
| 801 | 1 |
_aRU _bNLR _c20190115 _2rusmarc |
|
| 801 | 2 |
_aRU _bNLR _c20200113 |
|
| 852 |
_aNLR _bМ _jК-3/29731 _p267905 _t1 |
||
| 942 | _cSCORE | ||
| 980 | _aNB | ||
| 980 | _aONIZ | ||